Menéndez y Pelayo y la educación nacional

保存先:
書誌詳細
フォーマット: 図書
言語:スペイン語
出版事項: Santander Instituto de España 1938
版:1a. ed
シリーズ:La Obra de Menéndez Pelayo. Serie de Divulgación
主題:
タグ: タグ追加
タグなし, このレコードへの初めてのタグを付けませんか!

MARC

LEADER 00000cam a2200000 a 4500
001 UCD2777
003 CL-VaPUC
005 20211125135741.0
008 160505e19380000sp |||||||||||||||||spa|d
999 |c 363898  |d 363896 
040 |c Pontificia Universidad Católica de Valparaíso 
082 0 4 |a 370  |b MEN  |2 21 
245 1 0 |a Menéndez y Pelayo y la educación nacional 
250 |a 1a. ed 
260 |a Santander  |b Instituto de España  |c 1938 
300 |a 133 p 
490 0 |a La Obra de Menéndez Pelayo. Serie de Divulgación 
583 |a last modification  |c 20160505 16:04:00  |k Rodrigo Vera 
600 0 |a Menéndez y Pelayo, Marcelino,  |d 1856-1912  |9 864861 
650 0 |a Educación  |9 258661 
651 0 |a España  |9 254926 
942 |c BK  |2 ddc 
945 |d 20160505 16:04:00  |a arojas 
952 |0 0  |1 0  |3 erb  |4 0  |6 370_000000000000000_MEN_1938  |7 0  |8 P  |9 476728  |a BIBEDU  |b BIBEDU  |c BIBEDU_PB  |e Villagrán Garnham, Jorge  |i 5300347  |o 370 MEN 1938  |p 5300347  |r 2024-01-25  |w 2019-11-24  |y BK  |z Catalogado en:20160505  |k LIT